Movies by Synonyms - Statistics

General Stats
  • This quiz has been taken 118 times
  • The average score is 10 of 15
Answer Stats
Hint Answer % Correct
Tiger Prince Lion King
98%
Looking For Clownfish Finding Nemo
95%
The Tiny Fishgirl The Little Mermaid
88%
Ice Light and the 4+3 Gnomes Snow White and the Seven Dwarfs
84%
Arachnid-Human: Negative Path House Spider-Man: No Way Home
84%
A Insect's Existence A Bug's Life
81%
The Queen and the Amphibian The Princess and the Frog
78%
Pretty Including the Monster Beauty and the Beast
76%
In Outside Inside Out
67%
Ascend Up
67%
The Woman and the Dog The Lady and The Tramp
61%
Action Figure Tale Toy Story
59%
Chief Child Boss Baby
46%
Changing Color Turning Red
35%
Retaliators Finalecontest Avengers Endgame
24%
No matching quizzes found
Score Distribution
Percent of People with Each Score
Percentile by Number Answered
Your Score History
You have not taken this quiz